Adaptačný proces novoprijatých zamestnancov vo firme diplomová práca

Saved in:
Bibliographic Details
Main Author: Bačinská, Mária
Corporate Author: Podnikovohospodárska fakulta EU so sídlom v Košiciach. Katedra manažmentu
Other Authors: Mihalčová, Bohuslava, 1963-
Format: Book
Language:Slovak
Published: Košice 2010
Tags: Add Tag
No Tags, Be the first to tag this record!

MARC

LEADER 00000nam$a2200000$$$4500
001 0122314
005 20240318121642.0
041 0 |a slo 
044 |a SK 
245 1 0 |a Adaptačný proces novoprijatých zamestnancov vo firme  |b diplomová práca  |c Mária Bačinská ; škol. Bohuslava Mihalčová 
264 1 |a Košice  |c 2010 
300 |a 88 s. 
100 1 |a Bačinská, Mária 
700 1 |a Mihalčová, Bohuslava, 1963- 
710 2 |a Podnikovohospodárska fakulta EU so sídlom v Košiciach. Katedra manažmentu